|
|
|
|
| LEADER |
01377nam a2200313 a 4500 |
| 001 |
AAL 1494 |
| 003 |
BD-DhAAL |
| 005 |
20160209171835.0 |
| 008 |
150201s1995 nyuab b 001 0 eng |
| 010 |
|
|
|a 94034015
|
| 020 |
|
|
|a 0070570019 (acidfree paper)
|
| 040 |
|
|
|a DLC
|c DLC
|d DLC
|d BD-DhAAL
|
| 050 |
0 |
0 |
|a JA66
|b .S47 1995
|
| 082 |
0 |
0 |
|a 320
|2 20
|
| 100 |
1 |
|
|a Shively, W. Phillips,
|d 1942-
|9 7771
|
| 245 |
1 |
0 |
|a Power and choice :
|b an introduction to political science /
|c W. Phillips Shively.
|
| 250 |
|
|
|a 4th ed.
|
| 260 |
|
|
|a New York :
|b McGraw-Hill,
|c c1995.
|
| 300 |
|
|
|a xvii, 363 p. :
|b ill., maps ;
|c 24 cm.
|
| 500 |
|
|
|a Cover title: Power & choice.
|
| 504 |
|
|
|a Includes bibliographical references (p. 345-355) and index.
|
| 541 |
|
|
|e 1494
|
| 650 |
|
0 |
|a Political science.
|9 7772
|
| 740 |
0 |
|
|a Power & choice.
|
| 942 |
|
|
|2 ddc
|c BK
|
| 999 |
|
|
|c 33544
|d 33544
|
| 952 |
|
|
|0 0
|1 0
|2 ddc
|4 0
|6 320_000000000000000_SHI
|7 0
|9 52403
|a SCL
|b SCL
|c GEN
|d 2015-02-01
|e Gift: The Asia Foundation
|l 0
|o 320 SHI
|p 3020001494
|r 2015-02-01
|t 1
|w 2015-02-01
|y BK
|
| 952 |
|
|
|0 0
|1 0
|2 ddc
|4 0
|6 320_000000000000000_SHI
|7 0
|9 52413
|a SCL
|b SCL
|c GEN
|d 2015-02-02
|e Gift: The Asia Foundation
|l 0
|o 320 SHI
|p 3020001441
|r 2015-02-02
|t 2
|w 2015-02-02
|y BK
|
| 952 |
|
|
|0 0
|1 0
|2 ddc
|4 0
|6 320_000000000000000_SHI
|7 0
|9 52508
|a SCL
|b SCL
|c GEN
|d 2015-02-08
|e Gift: The Asia Foundation
|l 0
|o 320 SHI
|p 3020001538
|r 2023-11-19
|t 3
|w 2015-02-08
|y BK
|